000
00303nam a22001337a 4500
008
170914b xxu||||| |||| 00| 0 eng d
020
_a
9780130225658
041
_a
eng
080
_2
4ED
_a
7
100
_a
44
101
_a
ART
245
_a
REALITY THROUGH THE ARTS
_c
SPORRE.J.D
942
_2
udc
_c
BK
999
_c
27722
_d
27722